| 000 | 01307nas a22003495i 4500 | ||
|---|---|---|---|
| 001 | 3120-4953 | ||
| 003 | DE-He213 | ||
| 005 | 20260304140623.0 | ||
| 007 | cr nn 008mamaa | ||
| 008 | 260123s||||||||xxkuu poo|||||| b|EN |d | ||
| 022 | _a3120-4953 | ||
| 024 | 7 |
_a44573 _2local |
|
| 210 | 1 | 0 | _aSci. Rev. |
| 245 | 1 | 0 |
_aScientific Reviews _h[electronic resource] / _cedited by Richard White. |
| 264 | 1 |
_aLondon : _bNature Publishing Group UK : _bImprint: Nature Portfolio. |
|
| 300 | _bonline resource. | ||
| 520 | _aScientific Reviews is a broad scope, multi-disciplinary, open access journal publishing narrative reviews from all areas of the natural sciences, psychology, medicine and engineering. | ||
| 650 | 0 |
_aScience. _96407 |
|
| 650 | 0 |
_aEngineering. _9159 |
|
| 650 | 0 | _aLife sciences. | |
| 650 | 0 | _aPsychology. | |
| 650 | 0 | _aComputer science. | |
| 650 | 1 | 4 |
_aPhysical Sciences. _96410 |
| 650 | 2 | 4 |
_aTechnology and Engineering. _9163 |
| 650 | 2 | 4 | _aLife Sciences. |
| 650 | 2 | 4 |
_aBehavioral Sciences and Psychology. _9517 |
| 650 | 2 | 4 | _aComputer Science. |
| 700 | 1 |
_aWhite, Richard. _eeditor. _4edt _4http://id.loc.gov/vocabulary/relators/edt _924069 |
|
| 710 | 2 | _aSpringerLink (Online service) | |
| 856 | 4 | 0 |
_uhttps://www.nature.com/scirev _zOpen Access |
| 999 |
_c579937 _d579937 |
||